HTML and XHTML, the definitive guide / (Record no. 26)

MARC details
000 -LEADER
fixed length control field 01129cam a22003014a 4500
001 - CONTROL NUMBER
control field 12043540
005 - DATE AND TIME OF LATEST TRANSACTION
control field 20200421093816.0
008 - FIXED-LENGTH DATA ELEMENTS--GENERAL INFORMATION
fixed length control field 000616s2000 cc a 001 0 eng
010 ## - LIBRARY OF CONGRESS CONTROL NUMBER
LC control number 00056498
020 ## - INTERNATIONAL STANDARD BOOK NUMBER
International Standard Book Number 059600026X
040 ## - CATALOGING SOURCE
Original cataloging agency DLC
Transcribing agency DLC
Modifying agency DLC
042 ## - AUTHENTICATION CODE
Authentication code pcc
050 00 - LIBRARY OF CONGRESS CALL NUMBER
Classification number QA76.76.H94
Item number M875 2000
082 00 - DEWEY DECIMAL CLASSIFICATION NUMBER
Classification number 005.7/2
Edition information 21
100 1# - MAIN ENTRY--PERSONAL NAME
Personal name Musciano, Chuck.
9 (RLIN) 582
245 10 - TITLE STATEMENT
Title HTML and XHTML, the definitive guide /
Statement of responsibility, etc. Chuck Musciano and Bill Kennedy.
250 ## - EDITION STATEMENT
Edition statement 4th ed.
260 ## - PUBLICATION, DISTRIBUTION, ETC.
Place of publication, distribution, etc. Beijing ;
-- Sebastopol [Calif.] :
Name of publisher, distributor, etc. O'Reilly,
Date of publication, distribution, etc. 2000.
300 ## - PHYSICAL DESCRIPTION
Extent xvi, 655 p. :
Other physical details ill. ;
Dimensions 23 cm.
500 ## - GENERAL NOTE
General note Rev. ed. of HTML, the definitive guide. 2nd ed. c1997.
500 ## - GENERAL NOTE
General note Includes index.
650 #0 - SUBJECT ADDED ENTRY--TOPICAL TERM
Topical term or geographic name entry element HTML (Document markup language)
9 (RLIN) 583
650 #0 - SUBJECT ADDED ENTRY--TOPICAL TERM
Topical term or geographic name entry element XHTML (Document markup language)
9 (RLIN) 584
700 1# - ADDED ENTRY--PERSONAL NAME
Personal name Kennedy, Bill,
Dates associated with a name 1951-
9 (RLIN) 585
906 ## - LOCAL DATA ELEMENT F, LDF (RLIN)
a 7
b cbc
c orignew
d 1
e ocip
f 20
g y-gencatlg
942 ## - ADDED ENTRY ELEMENTS (KOHA)
Source of classification or shelving scheme Dewey Decimal Classification
Koha item type Books
Holdings
Withdrawn status Lost status Damaged status Not for loan Collection Home library Current library Shelving location Date acquired Barcode Date last seen Price effective from Koha item type
        Reference Centerville Centerville General stacks 09/04/2014 39999000001174 09/04/2014 09/04/2014 Books
        Reference Fairview Fairview General stacks 09/04/2014 39999000001198 09/04/2014 09/04/2014 Books
        Reference Fairview Fairview General stacks 09/04/2014 39999000001211 09/04/2014 09/04/2014 Books
        Reference Midway Midway General stacks 09/04/2014 39999000001150 09/04/2014 09/04/2014 Books